000 00501nam a2200181 i 4500
001 145077
003 ES-MaACL
005 20230906201147.0
007 t|
008 070214s1967 sp a |||| | spa d
100 1 _aSoto, Vicente.
_9107503
245 1 3 _aLa zancada
_b: unos meses en la vida de una familia /
_cVicente Soto.
250 _a1ยช ed.
260 _aBarcelona :
_bDestino,
_c1967.
300 _a366 p. :
_bil. ;
_c19 cm.
500 _aPremio Nadal 1966.
852 _aES-MaACL
_jC-31708
999 _c145077
_d145077